Debt Financing to Small and Medium-sized Enterprises in Slovakia

Anlaýza vývoja pôžičiek pre MSP na Slovensku v pokrízovom období a návrhy zlepšenia podmienok financovania. Informačná asymetria medzi finančníkmi a MSP

Na minha lista:
Detalhes bibliográficos
Autor principal: Belanová, Katarína, 1978-
Formato: Capítulo de Livro
Idioma:inglês
Assuntos:
Tags: Adicionar Tag
Sem tags, seja o primeiro a adicionar uma tag!

MARC

LEADER 00000naa$a2200000$$$4500
001 0211723
005 20240502073530.9
041 0 |a eng 
044 |a SK 
245 1 0 |a Debt Financing to Small and Medium-sized Enterprises in Slovakia  |c Katarína Belanová 
520 |a Anlaýza vývoja pôžičiek pre MSP na Slovensku v pokrízovom období a návrhy zlepšenia podmienok financovania. Informačná asymetria medzi finančníkmi a MSP 
610 2 0 |a podnik stredný 
610 2 0 |a podnik malý 
610 2 0 |a pôžičky 
610 2 0 |a financovanie podnikov 
100 1 |a Belanová, Katarína, 1978-